Online
Catalog

La confesión en el procedimiento penal venezolano. (Record no. 1015)

MARC details
000 -CABECERA
campo de control de longitud fija 00715cam a22001931 4500
001 - NÚMERO DE CONTROL
campo de control 000001040
005 - FECHA Y HORA DE LA ÚLTIMA TRANSACCIÓN
campo de control 20260205084538.0
008 - DATOS DE LONGITUD FIJA--INFORMACIÓN GENERAL
campo de control de longitud fija 871110s1965 ve b 000 0 spa
040 ## - FUENTE DE LA CATALOGACIÓN
Centro catalogador/agencia de origen DO-SdBNP
Lengua de catalogación spa
Centro/agencia transcriptor BNPHU
082 ## - NÚMERO DE LA CLASIFICACIÓN DECIMAL DEWEY
Número de clasificación 345.06
Número de documento/Ítem S684c
100 1# - ENTRADA PRINCIPAL--NOMBRE DE PERSONA
Nombre de persona Sola de Pino, Mireya de.
9 (RLIN) 3598
245 13 - MENCIÓN DE TÍTULO
Título La confesión en el procedimiento penal venezolano.
260 ## - PUBLICACIÓN, DISTRIBUCIÓN, ETC.
Lugar de publicación, distribución, etc. Caracas :
Nombre del editor, distribuidor, etc. Universidad Central de Venezuela,
Fecha de publicación, distribución, etc. 1965.
300 ## - DESCRIPCIÓN FÍSICA
Extensión 143 p. ;
Dimensiones 24 cm.
490 0# - MENCIÓN DE SERIE
Mención de serie Publicaciones de la Facultad de Derecho, Universidad Central de Venezuela. Colección tesis de doctorado ;
Designación de volumen o secuencia 6
502 ## - NOTA DE TESIS
Nota de tesis Tesis -- Univ. Central de Venezuela.
650 #0 - PUNTO DE ACCESO ADICIONAL DE MATERIA--TÉRMINO DE MATERIA
Término de materia o nombre geográfico como elemento de entrada Confesión (Derecho)
9 (RLIN) 3599
650 #0 - PUNTO DE ACCESO ADICIONAL DE MATERIA--TÉRMINO DE MATERIA
Término de materia o nombre geográfico como elemento de entrada Procedimiento penal
-- VENEZUELA
9 (RLIN) 554
Holdings
Estado de retiro Estado de pérdida Restricciones de uso No para préstamo Código de colección Localización permanente Ubicación/localización actual Ubicación en estantería Fecha de adquisición Número de inventario Total de préstamos Signatura topográfica completa Código de barras Fecha visto por última vez Precio válido a partir de Tipo de ítem Koha
    Préstamo interno Préstamo en sala Dominicana de Servicio Biblioteca Nacional Pedro Henríquez Ureña Biblioteca Nacional Pedro Henríquez Ureña Depósito 22.09.2009 LF1   345.06 S684c 1040-10 25.06.2020 25.06.2020 Libros y folletos

Powered by Koha